[Event "Czech-ch U18-20 Open 2022"]
[Site "Spindleruv Mlyn"]
[Date "2022.03.19"]
[Round "11.3"]
[White "Stalmach, Richard"]
[Black "Svanda, Ondrej"]
[Result "1/2-1/2"]
[WhiteElo "2302"]
[BlackElo "2303"]
[Annotator "TA"]
[PlyCount "85"]
[EventDate "2022.03.10"]
[EventType "tourn"]
[EventCountry "CZE"]
[SourceTitle "playchess.com"]
[Source "ChessBase"]
[SourceQuality "1"]

{[%evp 9,85,-11,-15,-8,15,-21,0,-14,-16,-5,35,25,17,17,20,17,21,22,16,9,16,18,18,22,17,27,13,-16,-38,-34,-29,-93,-92,-119,-107,-97,-102,-111,-89,-92,-92,-85,-66,-66,-68,-86,-87,-95,-69,-73,-72,-80,0,0,0,-59,-27,-57,-63,-71,-57,-158,-8,-8,-15,-15,-8,-64,-58,-75,-81,-87,0,0,0,-33,0,0]} 1. d4 Nf6 2. c4 e6 3. Nc3 Bb4 4. f3 c5 5. d5 b5 6. e4 {E20: Nimzo-Indian: 4 g3 and 4 f3.} d6 $1 {[%mdl 4] is recently more successful than 6...bxc4.} 7. Nge2 bxc4 {White must now prevent ...exd5.} 8. Nf4 e5 9. Nfe2 {[#]} Ng8 $146 ({Predecessor:} 9... Nbd7 10. Ng3 Nb6 11. Be2 Ng8 12. h4 Ne7 13. h5 h6 14. f4 exf4 15. Bxf4 g5 16. hxg6 Nxg6 {0-1 (39) Suleymanli,A (2541)-Brkic,A (2621) Riga 2021}) 10. Ng3 Ne7 11. Bxc4 O-O 12. O-O Nd7 13. Be3 f5 {Threatens to win with ...f4.} 14. exf5 Bxc3 15. bxc3 Nb6 16. Bd3 {[%cal Of5f6]} Nxf5 17. Nxf5 Bxf5 18. a4 Bxd3 19. Qxd3 Qh4 $1 20. Rfd1 (20. a5 $11 {keeps the balance.} Qc4 21. Qxc4 Nxc4 22. Bc1) 20... Qc4 $1 $17 (20... Nxa4 $2 21. Bf2 (21. g3 Qh3 $16) 21... Qf4 22. Be3 $18 (22. g3 Qxf3 23. Qxf3 Rxf3 $16)) 21. Bg5 Qxd3 22. Rxd3 Nc4 23. Re1 h6 24. Re4 hxg5 25. Rxc4 {[%mdl 4096] Endgame KRR-KRR} Rf4 26. Re4 Rb8 27. Rde3 Rb3 28. Kf2 Ra3 (28... a5 {feels hotter.} 29. Re2 Rxc3 30. Rb2 Rd3 31. Rb5 Rxd5 32. Rxa5 Rd2+) 29. g3 Rxe4 30. fxe4 Rxa4 {KR-KR} (30... g4 $1 $17) 31. Kf3 $1 $11 Kf7 32. Re2 (32. Kg4 $11) 32... Ra3 33. Rc2 Kg6 $1 {Hoping for ...Kh5.} 34. Kg4 Ra4 35. Kf3 ({White should play} 35. c4 $15) 35... c4 ({Black should try} 35... Kh5 $1 $17 {And now ...Ra3 would win.} 36. Rb2 Ra3) 36. Kg4 $1 Ra1 37. Rb2 Re1 38. Rb4 (38. Ra2 $11) 38... Rxe4+ $15 39. Kf3 {[#]} Re1 40. Rxc4 {[#]} Rd1 (40... Kf5 $1 $17 {[%cal Og5g4] ...g4+! is the strong threat.} 41. g4+ Kf6) 41. Ke4 $1 Re1+ 42. Kf3 Rd1 43. Ke4 $1 {Weighted Error Value: White=0.14 (very precise) /Black=0.15 (very precise)} 1/2-1/2

[Event "Czech-ch U18-20 Open 2022"]
[Site "Spindleruv Mlyn"]
[Date "2022.03.19"]
[Round "11.4"]
[White "Kusa, Jakub"]
[Black "Vojta, Jakub"]
[Result "1/2-1/2"]
[WhiteElo "2298"]
[BlackElo "2406"]
[Annotator "TA"]
[PlyCount "93"]
[EventDate "2022.03.10"]
[EventType "tourn"]
[EventCountry "CZE"]
[SourceTitle "playchess.com"]
[Source "ChessBase"]
[SourceQuality "1"]

{[%evp 18,93,28,0,32,0,27,26,28,22,74,60,82,79,164,109,109,112,126,110,215,193,274,278,492,467,639,500,507,477,447,210,196,189,183,76,76,75,77,75,75,75,75,75,75,75,75,77,77,78,72,71,71,71,71,64,71,64,71,64,71,64,71,64,68,64,78,64,78,64,71,54,62,62,71,71,78,71]} 1. d4 Nf6 2. c4 g6 3. Nc3 d5 4. cxd5 Nxd5 5. e4 Nxc3 6. bxc3 Bg7 7. Be3 O-O 8. Qd2 c5 9. Rc1 Qa5 10. d5 Rd8 {D85: Exchange Grünfeld: Unusual White 7th moves and lines with 7 Nf3.} 11. c4 Qa3 12. Ne2 Nc6 {[#] White has an edge.} 13. Nc3 $146 ({Predecessor:} 13. f4 Bb2 14. Rd1 Na5 15. Bxc5 Qxc5 16. Qxb2 Nxc4 17. Qd4 Qa5+ 18. Nc3 Nd6 19. Be2 Nxe4 20. Qxe4 Qxc3+ {0-1 (60) Shadunts,K (1920)-Skrobat,D (1423) St Petersburg 2019}) 13... Nd4 (13... Qb4 $11) 14. Bd3 $16 {[%cal Bf1d3,Bd3e4,Be4b7,Bb7d5][%mdl 32]} e5 15. O-O f5 (15... Bd7 $16) 16. f4 ({White should play} 16. Bg5 $18 Rf8 17. Nb5) 16... exf4 17. Bxf4 fxe4 18. Bxe4 ({Don't play} 18. Nxe4 Bf5 $14) 18... Re8 (18... Bf5 $16) 19. Rfe1 Bg4 {[#]} (19... Bd7 $142 20. d6 Kh8 21. Bxb7 Rab8) 20. d6 $1 $18 Qb4 (20... Nc6 {is a better defense.} 21. Bh6 Bd4+ 22. Be3 Bg7 23. Bd5+ (23. d7 Red8 $16) 23... Kh8) 21. Rb1 Qa5 22. Bxb7 Rad8 23. Bd5+ Kh8 24. Nb5 (24. Re7 $142 {Black must now prevent Qe3.} Qxc3 25. Qxc3 (25. Rxe8+ $2 Rxe8 26. Qxc3 Ne2+ 27. Kh1 Nxc3 $19) 25... Ne2+ {[#]} 26. Rxe2 $1 {[%mdl 512]} Bxc3 27. Rxe8+ Rxe8 28. h3) 24... Qxd2 ({Weaker is} 24... Rxe1+ 25. Rxe1 Qxd2 26. Bxd2) 25. Bxd2 Rxe1+ 26. Bxe1 (26. Rxe1 $18 {and the rest is easy. Ba5 is the strong threat.} Bf6 27. Bc3 (27. Nxa7 h5 $16)) 26... Nxb5 $16 27. Rxb5 Bd4+ 28. Bf2 {Strongly threatening Bxd4+.} Rxd6 29. Rxc5 Bxc5 30. Bxc5 {White wants to mate with Bd4+.} Rxd5 31. cxd5 {[%mdl 4096] Endgame KB-KB} a6 32. Kf2 Kg7 33. Ke3 Kf6 34. Kf4 h5 35. Bd4+ Ke7 36. Ke5 Bf5 37. a3 Kd7 38. Bc5 Bb1 39. Bf8 Bf5 40. Kd4 Bb1 41. Bh6 Bf5 42. Bf4 Bb1 43. Kc5 Bd3 44. Kb6 Bf1 {[%cal Og6g5]} 45. g3 Bb5 46. Kc5 Bd3 47. Kd4 {Blacks defense is rewarded with a draw.  Weighted Error Value: White=0.21 (precise) /Black=0.28 (precise)} 1/2-1/2

[Event "Czech-ch U18-20 Open 2022"]
[Site "Spindleruv Mlyn"]
[Date "2022.03.19"]
[Round "11.5"]
[White "Hlavina, Matous"]
[Black "Mladek, Richard"]
[Result "0-1"]
[WhiteElo "2112"]
[BlackElo "2374"]
[Annotator "TA"]
[PlyCount "94"]
[EventDate "2022.03.10"]
[EventType "tourn"]
[EventCountry "CZE"]
[SourceTitle "playchess.com"]
[Source "ChessBase"]
[SourceQuality "1"]

{[%evp 9,94,15,12,22,23,12,22,13,30,15,21,11,13,12,27,26,50,30,39,42,102,26,24,25,23,25,19,0,0,0,62,64,64,66,60,4,11,14,6,0,0,-2,0,0,0,0,0,0,0,0,0,0,0,-64,0,0,0,0,0,-25,-29,-54,-41,-45,-51,-143,-75,-81,-83,-134,-114,-285,-360,-340,-291,-908,-887,-868,-847,-725,-717,-12835,-12836,-12836,-12838,-12846,-12847]} 1. e4 Nf6 2. e5 Ng8 3. d4 d6 4. exd6 cxd6 5. Bd3 Nf6 6. Nf3 {B02: Alekhine's Defence: Chase Variation and lines with early Nc3.} g6 7. O-O Bg7 8. h3 {The position is equal.} O-O 9. c3 Nc6 10. Re1 Qc7 11. Bf4 Re8 {[#]} 12. Bh2 $146 ({Predecessor:} 12. Nbd2 Bd7 13. Ng5 Rac8 14. Qb3 e6 15. Nc4 e5 16. Nxf7 exf4 17. Ncxd6 Rxe1+ 18. Rxe1 Rf8 19. Nh6+ Kh8 20. Qg8+ {1-0 (19) Borges,G (2153)-Almeida,S Brasilia 2006}) 12... Bd7 13. Nbd2 Rab8 14. a4 e5 (14... a6 $14) 15. dxe5 (15. Nc4 $1 $16 {[%cal Rc4d6]}) 15... Nxe5 $11 16. Nxe5 dxe5 17. Nf3 {[%cal Rf3e5]} Nh5 18. Qc2 Rbd8 19. Rad1 Qa5 {Inhibits Bb5.} (19... Nf4 $11) 20. Bc4 $14 Bxa4 {[#]} 21. Rxd8 $1 Rxd8 (21... Bxc2 $2 22. Rxe8+ Bf8 23. Ng5 $18) 22. b3 (22. Qe2 $1 $14) 22... Bb5 $11 23. Bxb5 ({Much weaker is} 23. Bxe5 Bxc4 24. bxc4 Re8 $15) 23... Qxb5 24. Bxe5 Bxe5 25. Nxe5 Qd5 26. c4 Qd2 27. Qxd2 Rxd2 {[%mdl 4096] Endgame KRN-KRN} 28. g3 Rb2 29. Re3 Ng7 30. Nd7 Ne6 31. Rd3 ({White should play} 31. Nf6+ $11 Kg7 32. Ne8+ Kf8 33. Nd6) 31... b6 ({Better is} 31... Ng5 $1 $15 32. g4 Ne4) 32. Kg2 Kg7 33. h4 f6 34. Rc3 Rd2 35. Nb8 Nc5 36. Nc6 a5 37. Rf3 {[#]} (37. Re3 $15) 37... Rb2 (37... f5 $142 $1 38. Kf1 Rb2) 38. Nd4 $17 f5 39. h5 (39. Re3 $142) 39... Kf6 40. g4 $2 {[#] White does not recover from this.} (40. hxg6 $17 hxg6 41. Re3) 40... f4 $1 $19 41. Rxf4+ Ke5 42. Kf3 {[#]} (42. Rf7 Kxd4 43. Rxh7 gxh5 44. gxh5) 42... Rxf2+ $3 {[%mdl 576] Deflection. Black is clearly winning.} 43. Kxf2 Kxf4 44. hxg6 hxg6 45. g5 Ke4 46. Nc6 Nxb3 47. Ke2 Nd4+ {Weighted Error Value: White=0.45/Black=0.09 (flawless)} 0-1

[Event "Czech-ch U18-20 Open 2022"]
[Site "Spindleruv Mlyn"]
[Date "2022.03.19"]
[Round "11.6"]
[White "Frank, Adam"]
[Black "Ocelak, Jakub"]
[Result "1-0"]
[WhiteElo "2270"]
[BlackElo "2053"]
[Annotator "TA"]
[PlyCount "77"]
[EventDate "2022.03.10"]
[EventType "tourn"]
[EventCountry "CZE"]
[SourceTitle "playchess.com"]
[Source "ChessBase"]
[SourceQuality "1"]

{[%evp 11,77,12,0,0,0,0,0,8,3,10,0,3,11,0,0,0,35,-18,-22,-148,-146,-155,-129,-193,-114,-113,-120,-315,-272,-275,-222,-358,-224,-206,-117,-112,-40,-133,-50,-201,10,0,8,0,19,0,0,-20,131,118,127,125,125,118,127,74,67,62,110,107,317,318,333,154,202,104,747,744]} 1. e4 e6 2. d4 d5 3. Nd2 Be7 4. Bd3 c5 5. dxc5 Nf6 6. Qe2 O-O 7. Ngf3 {C03: French Tarrasch: Unusual Black 3rd moves.} a5 8. O-O Na6 9. e5 {The position is equal.} Nd7 10. c4 Ndxc5 11. Bb1 $1 b6 12. Nd4 Bb7 {To avoid Nc6} 13. Rd1 {[#]} (13. Qh5 g6 14. Qg4 dxc4 15. Nxc4 h5 $17) 13... Qe8 $146 ({Predecessor:} 13... Qd7 14. b3 Rfd8 15. Bb2 a4 16. Rc1 Bg5 17. Rf1 g6 18. f4 Bh6 19. Bc3 Rac8 {1-0 (52) Havasi,G (2172)-To,N (2334) Budapest 2013}) 14. N2f3 (14. Qh5 f5 15. Qxe8 Rfxe8 $11) (14. cxd5 $14 Bxd5 15. Nc4 (15. Qh5 f5 $11)) 14... dxc4 $11 15. Bg5 (15. Qxc4 $11 Qa4 16. Qe2) 15... Rd8 $1 $17 16. h4 h6 17. Be3 (17. Bxe7 $17 Qxe7 18. Bc2) 17... Nb4 ({Black should try} 17... f6 $19 {Threatens to win with ...Nb4.} 18. Rc1 b5) 18. a3 Nbd3 {And now ...f6 would win.} 19. Ba2 $2 (19. b4 $17) 19... Ba6 20. h5 b5 21. Qc2 (21. b3 $142) 21... b4 22. axb4 axb4 (22... Nxb4 $19 23. Qc3 Ne4) 23. b3 cxb3 ({Don't play} 23... c3 24. Bb1 Bb7 25. Ne1 $11 (25. Rxd3 Be4 $11)) ({Black should play} 23... Bb7 $1 $17 {...f5 is the strong threat.} 24. bxc4 Be4) 24. Nxb3 (24. Bxb3 $15 Nxb3 25. Qxb3) 24... Nxb3 (24... Ne4 $17 25. Bb1 Bb5) 25. Qxb3 $2 (25. Bxb3 $15 Bb5 26. Ra7) 25... Nc5 $2 (25... Qc6 $19 {aiming for ...Bb5.} 26. Qb1 Bb5) 26. Qxb4 Qb5 $132 {[%mdl 2048] Black is not keeping still} 27. Qg4 {Hoping for Bxh6.} Kh8 28. Nd4 Qb7 29. Rac1 Qe4 $2 (29... Nd3 $11) 30. Qxe4 $16 Nxe4 31. Bb1 Ng5 32. f4 Nh7 33. Nc6 (33. Rc7 $142 Ba3 34. Kf2) 33... Rxd1+ 34. Rxd1 Ba3 (34... Bh4 $1 $14 {should be considered.}) 35. Be4 $1 {White is much more active.} Be2 $2 {[#]} (35... Bb7 $16 36. Rd3 Bxc6) 36. Ra1 $1 $18 f5 37. Bxf5 Rxf5 {[#]} (37... exf5 $16 38. Rxa3 Re8) 38. Rxa3 (38. Nd4 $1 $18 Bb2 39. Ra8+ Rf8 40. Rxf8+ Nxf8 41. Nxe2) 38... Nf8 $2 {[%mdl 8192]} (38... Rf8 $16 39. Nd4 Bg4) 39. Nd4 {[%csl LRe2,LRf5] Quite a comeback for White.  Weighted Error Value: White=0.37/Black=0.51} 1-0